Country Quiz: Kuwait Stats

 Plays Quiz not verified by Sporcle

Challenge
Share
Tweet
Embed
Score 0/26 Timer 07:00
0 Plays Today
Hint Answer % Correct
Highest Point (306 m)[unnamed location]
99.6%
Flag ColorGreen
91.4%
Flag ColorRed
91.3%
Flag ColorBlack
90.9%
Flag ColorWhite
90.7%
Capital CityKuwait City
86.9%
Largest CityKuwait City
86.9%
Bordering CountryIraq
83.1%
They were attacked by ____ to start the ____ WarIraq
83.1%
Official LanguageArabic
81%
Bordering CountrySaudi Arabia
80.4%
Nationality (Demonym)Kuwaiti
79.1%
Largest ReligionIslam
77.8%
Hint Answer % Correct
ContinentAsia
76.2%
Drives on the...Right Side
75.5%
Age of Suffrage21
70.2%
Internet Country Code.kw
66.9%
# of provinces6
56.8%
Official NameState of Kuwait
51.3%
CurrencyKuwaiti Dinar
49.6%
Lowest Point (0 m)Persian Gulf
42.8%
Largest Desert (899,618 sq miles*)Arabian Desert
27%
Largest Island (536 sq miles)Bubiyan Island
24.1%
Prime MinisterJaber Al-Mubarak Al-Hamad Al-Sabah
21.5%
National AnthemAl-Nasheed Al-Watani
20.2%
Largest Province (6,978 sq miles)Al-Jahrah
17.3%

You're not logged in!

Compare scores with friends on all Sporcle quizzes.
OR
Log In

You Might Also Like...

Show Comments

Extras

Created Apr 14, 2012ReportNominate
Tags:Country Quiz

Top Quizzes Today


Score Distribution

Your Account Isn't Verified!

In order to create a playlist on Sporcle, you need to verify the email address you used during registration. Go to your Sporcle Settings to finish the process.

Report this User

Report this user for behavior that violates our Community Guidelines.

Details: